000
00309nam a22001217a 4500
008
180606b xxu||||| |||| 00| 0 eng d
041
_a
eng
080
_a
043.3
100
_a
0
101
_a
SHKI-MTH
245
_a
Aplikimi i QoS në rrjetat pa tela, simulimi i VoIp ME OPNET
_c
Hajrullahu,Nj
942
_2
udc
_c
BK
999
_c
46450
_d
46450